Normal view
MARC view
- Quevauviller,Philippe
Entry Personal Name
001 - CONTROL NUMBER
- control field: 719
003 - CONTROL NUMBER IDENTIFIER
- control field: OSt
005 - DATE AND TIME OF LATEST TRANSACTION
- control field: 20160701142046.0
008 - FIXED-LENGTH DATA ELEMENTS
- fixed length control field: 160701|| aca||aabn | a|a d
040 ## - CATALOGING SOURCE
- Original cataloging agency: OSt
- Transcribing agency: OSt
100 ## - HEADING--PERSONAL NAME
- Personal name: Quevauviller,Philippe
670 ## - SOURCE DATA FOUND
- Source citation: Work cat.: (OSt): Water System Science and Policy Interfacing, 2010
